000 00563nam a2200253Ia 4500
005 20250425161736.0
008 250425s9999 xx 000 0 und d
020 _a9978800549
041 _aspa
082 _a864.69866
100 _aMONTALVO, JUAN
245 0 _aLAS CATILINARIAS
250 _a1A ED.
260 _aEcuador
_bLIBRESA
_c1990
260 _aQUITO
300 _a358
500 _aCOLECCION ANTARES
650 _aCULTURA
650 _aECUADOR-HISTORIA
650 _aENSAYOS
650 _aLITERATURA
942 _c01
010 _a27069
999 _c215170
_d215170